| 000 | 01743cam a2200505 4500 | ||
|---|---|---|---|
| 001 | 1615275665 | ||
| 003 | DE-627 | ||
| 005 | 20230818090344.0 | ||
| 007 | tu | ||
| 008 | 970619s1997 xx ||||| 00| ||ger c | ||
| 015 |
_a97,A24,1404 _2dnb |
||
| 016 | 7 |
_a950342300 _2DE-101 |
|
| 020 | _a3929091445 | ||
| 035 | _a(DE-627)1615275665 | ||
| 035 | _a(DE-576)059663995 | ||
| 035 | _a(DE-599)DNB950342300 | ||
| 035 | _a(OCoLC)75730275 | ||
| 040 |
_aDE-627 _bger _cDE-627 _erakwb _dDE-2950 |
||
| 041 | _ager | ||
| 084 |
_aNZ 15600 _2rvk _0(DE-625)rvk/132631: |
||
| 084 |
_aRH 35013 _2rvk _0(DE-625)rvk/142326:12584 |
||
| 084 |
_aNR 6510 _2rvk _0(DE-625)rvk/129598: |
||
| 084 |
_a15.48 _2bkl |
||
| 084 |
_a15.48 _2bkl |
||
| 245 | 1 | 0 |
_aTerra budissinensis. _bein Fotoalbum aus dem Land Bautzen. _cRudolf Hartmetz. Kommentar von Hans Mirtschin. Mit einem Essay von Kito Lorenc |
| 263 | _aPp. : DM 59.80 | ||
| 264 | 1 |
_aBautzen: _bLusatia-Verlar, _c1997. |
|
| 300 |
_a179 S. _büberw. Ill. |
||
| 336 |
_aunbewegtes Bild _bsti _2rdacontent |
||
| 337 |
_aohne Hilfsmittel zu benutzen _bn _2rdamedia |
||
| 338 |
_aBand _bnc _2rdacarrier |
||
| 650 | 0 | 7 |
_0(DE-588)4145395-5 _0(DE-627)104450835 _0(DE-576)209741139 _aBildband _2gnd |
| 653 | _aBilderbuch | ||
| 653 | _aNachlass Rudolf Hartmetz | ||
| 655 | 7 |
_aBildband _0(DE-588)4145395-5 _0(DE-627)104450835 _0(DE-576)209741139 _2gnd-content |
|
| 700 | 1 |
_aHartmetz, Rudolf _d1941-2007 _0(DE-588)124537235 _0(DE-627)363405577 _0(DE-576)215975081 _4oth |
|
| 700 | 1 |
_aMirtschin, Hans _d1939- _0(DE-588)124537227 _0(DE-627)363405569 _0(DE-576)294220836 _4oth |
|
| 936 | r | v | _aNZ 15600 |
| 936 | r | v | _aRH 35013 |
| 936 | r | v | _aNR 6510 |
| 936 | b | k | _a15.48 |
| 936 | b | k | _a15.48 |
| 942 |
_2z _cB |
||
| 951 | _aBO | ||
| 999 |
_c372692 _d372692 |
||